The black incarceration rate in the United States: a national problem; draft copy

Guardado en:  
Detalles Bibliográficos
Autores principales: Christianson, Scott (Autor) ; Dehais, Richard (Autor)
Tipo de documento: Print Libro
Lenguaje:Inglés
Publicado: Albany, N.Y. State Univ. of New York, Grad. School of Criminal Justice 1980
En:Año: 1980
Disponibilidad en Tübingen:Disponible en Tübingen.
UB: KB 4 E 961
Verificar disponibilidad: HBZ Gateway
Servicio de pedido Subito: Pedir ahora.

MARC

LEADER 00000cam a22000002c 4500
001 1097776514
003 DE-627
005 20220514155801.0
007 tu
008 920326s1980 xx ||||| 00| ||eng c
035 |a (DE-627)1097776514 
035 |a (DE-576)027776514 
035 |a (DE-599)BSZ027776514 
035 |a (OCoLC)311682738 
040 |a DE-627  |b ger  |c DE-627  |e rakwb 
041 |a eng 
100 1 |a Christianson, Scott  |4 aut 
245 1 4 |a The black incarceration rate in the United States  |b a national problem; draft copy  |c Scott Christianson and Richard Dehais 
264 1 |a Albany, N.Y.  |b State Univ. of New York, Grad. School of Criminal Justice  |c 1980 
300 |a 59 S. 
336 |a Text  |b txt  |2 rdacontent 
337 |a ohne Hilfsmittel zu benutzen  |b n  |2 rdamedia 
338 |a Band  |b nc  |2 rdacarrier 
583 1 |a Archivierung prüfen  |c 20200919  |f DE-640  |z 1  |2 pdager 
700 1 |a Dehais, Richard  |4 aut 
951 |a BO 
ELC |b 1 
LOK |0 000 xxxxxcx a22 zn 4500 
LOK |0 001 218240404X 
LOK |0 003 DE-627 
LOK |0 004 1097776514 
LOK |0 005 20020606000000 
LOK |0 008 920326||||||||||||||||ger||||||| 
LOK |0 040   |a DE-21  |c DE-627  |d DE-21 
LOK |0 852   |a DE-21 
LOK |0 852 1  |c KB 4 E 961  |9 00 
LOK |0 866   |x Mschrftl. vervielf. 
LOK |0 935   |a krim 
LOK |0 936ln  |a k12.7 
LOK |0 939   |a 26-03-92  |b l01 
ORI |a SA-MARC-krimdoka001.raw 
SIG |a UB: KB 4 E 961